000 00254nam a22001217a 4500
008 180927b xxu||||| |||| 00| 0 eng d
041 _aeng
080 _a615.83
100 _a8
101 _aEGZ
245 _aRelaxation
_cCautella,J.R
942 _2udc
_cBK
999 _c48626
_d48626